Statistics for U.S. Presidents that Died in Office

Click here to take the quiz!

General Stats

  • This quiz has been taken 13,575 times
  • The average score is 6 of 8

Answer Stats

AgeCause of deathPresident% Correct
46AssassinationJohn F. Kennedy
98%
56AssassinationAbraham Lincoln
97%
63Cerebral hemorrhageFranklin D. Roosevelt
83%
49Assassination, medical malpracticeJames Garfield
70%
58AssassinationWilliam McKinley
69%
68Pneumonia, bloodlettingWilliam Henry Harrison
68%
65Cholera, possible poisoningZachary Taylor
56%
57Heart attackWarren Harding
50%

Score Distribution

Percentile by Number Answered

Percent of People with Each Score

Your Score History

You have not taken this quiz